| 000 | 00605nam a22002052 4500 | ||
|---|---|---|---|
| 001 | 0000007285 | ||
| 005 | 20151217155833.0 | ||
| 008 | 071218s xx 000 0 eng d | ||
| 020 |
_a9966469818 : _cKES 240 |
||
| 040 |
_aKABU _cKABU |
||
| 100 | 1 |
_aSimiyu, Vincent G. _@0000158504 |
|
| 245 | 1 | 0 |
_aElijah Masinde / _cVincent G. Simiyu. |
| 260 |
_aNairobi : _bE. A. E. P., _c1997. |
||
| 300 | _a55 p. | ||
| 650 | 0 |
_aMasnde, Elijah. _@0000158505 |
|
| 650 | 0 |
_aDini ya Musambwa _vBiography. _@0000158506 |
|
| 908 | _a071218 | ||
| 950 | _@1 | ||
| 999 |
_c13066 _d13066 |
||